Responses for Show #1336 - Monday, May 28, 1990

Richard Neale game 5.

Contestants

[<< previous game]

Jim Vichench, a railroad clerk from Brooklyn, New York

Dan Sadoff, a veterinarian from Saint Paul, Minnesota

Richard Neale, a taxpayer service representative from Concord, California (whose 4-day cash winnings total $56,000)

[next game >>]

Jeopardy! Round responses

IN THE NEWS
DIRECTORS
HODGEPODGE
LITERARY TERMS
TEXAS
HATS
    $100 14
the Bible

Jim
    $100 2
Woody Allen

Dan
    $100 8
rubies

Dan
    $100 4
(Jim: What's a ballad?)

romance

DanJim
    $100 1
Sam Houston

Dan
    $100 19
a thinking cap

Richard
    $200 15
the civil rights movement

Jim
    $200 3
Bob Fosse

Jim
    $200 9
a pistil

Jim
    $200 23
homophones (or homonyms)

Dan
    $200 13
oil

Jim
    $200 24
a turban

Richard
    $300 16
the NFL

Dan
    $300 5
Sergio Leone

Dan
    $300 10
the kidneys

Dan
    $300 25
(Alex: With a minute to go.)

third person

Jim
    $300 20
(Alex: Correct. John Nance Garner was the other.)

Lyndon Baines Johnson

Jim
    $300 28
a mortarboard

Jim
    $400 17
Seattle

Jim
    $400 6
(Alex: Her husband, yes)

Paul Newman

Dan
    $400 11
sausage

Dan
    $400 26
an idyll

Dan
    $400 21
San Antonio

Jim
    $400 29
three

Dan
    $500 18
Alexander Dubcek

Dan
    $500 7
Canada

Jim
    $500 12
(Jim: What is Australia?)

Africa

RichardJim
    $500 27
a soliloquy

Dan
    $1,900 22
airports

Jim
    $500 30
invisible

Jim

Scores at the first commercial break (after clue 16):

Richard Dan Jim
$500 $2,100 $800

Scores at the end of the Jeopardy! Round:

Richard Dan Jim
$800 $4,100 $4,900

Double Jeopardy! Round responses

WORLD CAPITALS
ITALIAN HISTORY
NONFICTION
BALLET
PRIME MINISTERS
AMERICANS IN PARIS
    $200 1
Lisbon

Jim
    $200 13
florin

Richard
    $200 18
a cookbook

Dan
    $200 27
The Picture of Dorian Gray

Richard
    $200 2
Ireland

Richard
    $200 7
(Jim: Who is Pierre Salinger?)

John Kennedy

RichardJim
    $400 3
Belfast

Dan
    $400 14
Mussolini

Jim
    $400 22
Billie Holiday

Dan
    $400 30
kick

Triple Stumper
    $400 9
her husband

Jim
    $400 8
Lindbergh

Jim
    $600 4
Monrovia

Dan
    $600 15
Garibaldi

Richard
    $600 23
(Dan: Who is Germaine Greer?)
(Jim: Who is Friedan?)
(Richard: Who is Kate...?)
(Alex: You should have known the last name before you rang in. You were on the right track, though, [*]. Germaine Greer wrote The Female Eunuch.)

Kate Millet

RichardDanJim
Triple Stumper
    $600 29
Tallchief

Richard
    $1,700 10
Benazir Bhutto

Jim
    $600 19
Benjamin Franklin

Dan
    $800 5
Luxembourg

Richard
    $3,400 16
the pope

Richard
    $800 24
Alive

Dan
    $800 28
Rudolf Nureyev

Triple Stumper
    $800 11
New Zealand

Richard
    $800 20
Tropic of Cancer

Dan
    $1000 6
Abu Dhabi

Dan
    $1000 17
Saint Francis of Assisi

Jim
    $1000 25
(Alex: With less than a minute to go.)

(Jean-Paul) Sartre

Richard
    $1000 26
Diaghilev

Jim
    $1000 12
South Africa

Jim
    $1000 21
Alice B.Toklas & Gertrude Stein

Jim

Scores at the end of the Double Jeopardy! Round:

Richard Dan Jim
$8,200 $8,300 $11,200

[wagering suggestions for these scores]

Final Jeopardy! Round responses

COLLEGES & UNIVERSITIES
RichardWhat is Columbia Uni
$8,200
DanWhat is Harvard?
$8,300
JimWhat's Harvard?
$5,400
William & Mary

Final scores:

Richard Dan Jim
$0 $0 $5,800
3rd place: a pedal boat + a Nintendo Entertainment System 2nd place: a trip to Orlando and cruise New champion: $5,800

Game dynamics:

Coryat scores:

Richard Dan Jim
$5,600 $8,300 $8,700
13 R
(including 1 DD),
1 W
22 R,
1 W
22 R
(including 2 DDs),
4 W

Combined Coryat: $22,600

[game clues] [game scores] [suggest correction]

Game tape date: 1990-01-29
The J! Archive is created by fans, for fans. Scraping, republication, monetization, and malicious use prohibited; this site may use cookies and collect identifying information. See terms. The Jeopardy! game show and all elements thereof, including but not limited to copyright and trademark thereto, are the property of Jeopardy Productions, Inc. and are protected under law. This website is not affiliated with, sponsored by, or operated by Jeopardy Productions, Inc. Join the discussion at JBoard.tv.